000
00290nam a22001337a 4500
008
181107b xxu||||| |||| 00| 0 eng d
020
_a
1587785250
041
_a
eng
080
_2
5th
_a
341
100
_a
15
101
_a
SHJ
245
_a
Employment Law
_c
Rothstein, M.A
942
_2
udc
_c
BK
999
_c
52228
_d
52228